| 000 | 00489nam a22002057a 4500 | ||
|---|---|---|---|
| 001 | 22220 | ||
| 005 | 20260410122533.0 | ||
| 008 | 260410b |||||||| |||| 00| 0 spa d | ||
| 041 | _aESP | ||
| 082 |
_a346.3 _bL564A T. 1 |
||
| 100 | _aLohmann Luca de Tena, Juan Guillermo, | ||
| 245 | _aDerecho de sucesiones | ||
| 260 |
_a : _b , _c2023 |
||
| 300 |
_a655 páginas : _b ; _c25 cm. |
||
| 440 | _a ; | ||
| 650 | _aDER | ||
| 654 | _aCDE | ||
| 700 | _a; | ||
| 942 |
_cLIB _dJUS _fJUS _n0 _2ddc |
||
| 999 |
_c22220 _d22220 |
||